000
00289nam a2200097Ia 4500
001
1191355
005
20250827021634.0
008
250824s9999 xx 000 0 und d
245
0
_a
YENİ NESİL DİL ÖĞRENME
_c
PROF. DR. CEM BALÇIKANLI ÇİLEM AKAR
260
_b
ALTIN KİTAPLAR AKADEMİ
999
_c
1191355
_d
1191355